000 00564cam a22002053a 4500
001 40945
003 PGUSA
005 20140828083924.0
008 121005s2012||||xxu|||||s|||||000 | eng d
040 _aPGUSA
_beng
042 _adc
100 1 _aCarling, John R.
245 1 4 _aThe Shadow of the Czar
_h[electronic resource] /
_cJohn R. Carling
260 _bProject Gutenberg,
_c2012
506 _aPublic domain in the USA.
516 _aElectronic text
830 0 _aProject Gutenberg
_v40945
856 4 0 _uhttp://www.gutenberg.org/ebooks/40945
942 _cEB
999 _c270197
_d270197